|
|
|
|
| LEADER |
00000nam0a2200000 4500 |
| 001 |
166966 |
| 005 |
20231031162631.0 |
| 010 |
|
|
|a 5217008547
|
| 020 |
|
|
|a RU
|b 91-3253
|
| 035 |
|
|
|a (RuTPU)RU\TPU\book\181100
|
| 090 |
|
|
|a 166966
|
| 100 |
|
|
|a 20091009d1990 m a0rusy5003 ca
|
| 101 |
0 |
|
|a rus
|
| 102 |
|
|
|a RU
|
| 105 |
|
|
|a a z 001zy
|
| 200 |
1 |
|
|a Кузница в современном хозяйстве
|f В. Г. Шмаков
|
| 210 |
|
|
|a Москва
|c Машиностроение
|d 1990
|
| 215 |
|
|
|a 288 с.
|c ил.
|d 21 см
|
| 320 |
|
|
|a Библиогр.: с. 285. (23 назв.)
|
| 610 |
1 |
|
|a кузнечное производство
|
| 610 |
1 |
|
|a кузнечные работы
|
| 610 |
1 |
|
|a металлы
|
| 610 |
1 |
|
|a кузнечный инструмент
|
| 610 |
1 |
|
|a кузнечное оборудование
|
| 610 |
1 |
|
|a поковки
|
| 610 |
1 |
|
|a ковка
|
| 610 |
1 |
|
|a ковка лошадей
|
| 610 |
1 |
|
|a телеги
|
| 610 |
1 |
|
|a сани
|
| 610 |
1 |
|
|a ремонт
|
| 610 |
1 |
|
|a техника безопасности
|
| 675 |
|
|
|a 621.73
|z rus
|
| 700 |
|
1 |
|a Шмаков
|b В. Г.
|g Владимир Геннадьевич
|4 070
|
| 801 |
|
0 |
|a RU
|b RuMRKP
|c 19950417
|g psbo
|
| 801 |
|
1 |
|a RU
|b 63413507
|c 20091009
|
| 801 |
|
2 |
|a RU
|b 63413507
|c 20100630
|g RCR
|
| 942 |
|
|
|c BK
|